000 00367pab a2200133 454500
008 180718b xxu||||| |||| 00| 0 eng d
100 _aGopakumar, G
245 _aPopular culture as a rational factor in the American political process
650 _a Politics
650 _a Culture
650 _aU.S.A. - Politics
773 _aPolitical Science Review
909 _a22442
999 _c22442
_d22442